<?xml version="1.0" encoding="UTF-8"?>
<record
    xmlns:xsi="http://www.w3.org/2001/XMLSchema-instance"
    xsi:schemaLocation="http://www.loc.gov/MARC21/slim http://www.loc.gov/standards/marcxml/schema/MARC21slim.xsd"
    xmlns="http://www.loc.gov/MARC21/slim">

  <leader>01648nab a2200253 a 4500</leader>
  <controlfield tag="005">20250207115546.0</controlfield>
  <controlfield tag="008">991125c2016    mx tr p o     000 0 spa d</controlfield>
  <datafield tag="035" ind1=" " ind2=" ">
    <subfield code="a">UPN01000213880</subfield>
  </datafield>
  <datafield tag="040" ind1=" " ind2=" ">
    <subfield code="a">UPN</subfield>
    <subfield code="b">spa</subfield>
    <subfield code="c">UPN</subfield>
    <subfield code="e">aacr2</subfield>
  </datafield>
  <datafield tag="049" ind1=" " ind2=" ">
    <subfield code="a">ART-E</subfield>
  </datafield>
  <datafield tag="100" ind1="1" ind2=" ">
    <subfield code="a">Hern&#xE1;ndez Lara, Itzel</subfield>
    <subfield code="6">- itzelina_hl@yahoo.com.mx</subfield>
  </datafield>
  <datafield tag="245" ind1="1" ind2="0">
    <subfield code="a">Pr&#xE1;cticas familiares transnacionales en familias ind&#xED;genas oaxaque&#xF1;as con hijos adultos migrantes en Estados Unidos</subfield>
  </datafield>
  <datafield tag="506" ind1="0" ind2=" ">
    <subfield code="a">Acceso abierto</subfield>
  </datafield>
  <datafield tag="520" ind1="3" ind2=" ">
    <subfield code="a">A partir de una investigaci&#xF3;n cualitativa, en este art&#xED;culo se analizan las pr&#xE1;cticas transnacionales que permiten el mantenimiento de los v&#xED;nculos paterno-filiales en familias con hijos migrantes asentados en Estados Unidos, originarios de una comunidad ind&#xED;gena oaxaque&#xF1;a. Los resultados indican la existencia de pr&#xE1;cticas transnacionales que son comunes a todas las familias, as&#xED; como una interesante diversidad de pr&#xE1;cticas cuya implementaci&#xF3;n o no est&#xE1; determinada por factores como el ciclo de vida familiar, y en particular, el estatus migratorio de los miembros de la unidad familiar. Esto establece importantes diferencias entre las familias analizadas en aspectos como la interacci&#xF3;n cara a cara y el trabajo de cuidado hacia los padres adultos mayores.</subfield>
  </datafield>
  <datafield tag="650" ind1=" " ind2="7">
    <subfield code="a">Padres</subfield>
    <subfield code="9">47055</subfield>
  </datafield>
  <datafield tag="653" ind1="0" ind2=" ">
    <subfield code="a">Migraci&#xF3;n</subfield>
  </datafield>
  <datafield tag="653" ind1="0" ind2=" ">
    <subfield code="a">V&#xED;nculos familiares</subfield>
  </datafield>
  <datafield tag="653" ind1="0" ind2=" ">
    <subfield code="a">Hijos adultos</subfield>
  </datafield>
  <datafield tag="773" ind1=" " ind2=" ">
    <subfield code="g">No. 52 (2016), p. 50-67</subfield>
    <subfield code="t">Desacatos : revista de antropolog&#xED;a social </subfield>
    <subfield code="x">1607-050X </subfield>
  </datafield>
  <datafield tag="856" ind1="4" ind2=" ">
    <subfield code="u">https://desacatos.ciesas.edu.mx/index.php/Desacatos/article/view/1633</subfield>
  </datafield>
  <datafield tag="902" ind1=" " ind2=" ">
    <subfield code="a">Gloria Jim&#xE9;nez/070225</subfield>
  </datafield>
  <datafield tag="905" ind1=" " ind2=" ">
    <subfield code="a">Articulo</subfield>
  </datafield>
  <datafield tag="942" ind1=" " ind2=" ">
    <subfield code="c">ART-E</subfield>
  </datafield>
  <datafield tag="952" ind1=" " ind2=" ">
    <subfield code="0">0</subfield>
    <subfield code="1">0</subfield>
    <subfield code="4">0</subfield>
    <subfield code="7">0</subfield>
    <subfield code="8">CAA</subfield>
    <subfield code="a">BCUPN50</subfield>
    <subfield code="b">BCUPN50</subfield>
    <subfield code="c">ENL</subfield>
    <subfield code="d">2025-02-07</subfield>
    <subfield code="l">0</subfield>
    <subfield code="r">2025-02-07 11:55:58</subfield>
    <subfield code="u">https://desacatos.ciesas.edu.mx/index.php/Desacatos/article/view/1633</subfield>
    <subfield code="w">2025-02-07</subfield>
    <subfield code="y">ART-E</subfield>
  </datafield>
  <datafield tag="999" ind1=" " ind2=" ">
    <subfield code="c">185980</subfield>
    <subfield code="d">185980</subfield>
  </datafield>
</record>
